| 000 | 00895nam a2200205Ia 4500 | ||
|---|---|---|---|
| 003 | PE SENCICO BE | ||
| 005 | 20251020182434.0 | ||
| 008 | 200515s9999 xx 000 0 und d | ||
| 040 |
_aPE SENCICO BE _cPE SENCICO BE |
||
| 041 | _aspa | ||
| 082 |
_a370.113 _bP4I |
||
| 110 | 1 |
_aPerú. _92677 _bMinisterio de Educación. _bDirección General de Educación Básica Laboral y Calificación |
|
| 245 | 1 | 0 |
_aInforme de la mesa redonda sobre una metodología aplicable en los cursos de Calificación Profesional Extraordinaria (CPE) / _cMinisterio de Educación |
| 260 |
_aLima : _bMinisterio de Educación ; _c1976 |
||
| 300 |
_a117 páginas : _bgráficos ; _c29 cm. |
||
| 500 | _aEn la cubierta: realizada con el auspicio de la OEA del 23 al 27 de febrero de 1976 en el CENACAPE-PROMAE-Magdalena | ||
| 650 | 1 | 0 |
_aFormación profesional _91311 |
| 650 | 2 | 0 |
_aCarpintería _9137 |
| 942 |
_cLIB _2ddc |
||
| 999 |
_c334 _d334 |
||